Piccadilly Line - Statistics

General Stats
  • This quiz has been taken 49 times
  • The average score is 24 of 53
Answer Stats
Hint Answer % Correct
UXB branch Uxbridge
88%
Eastcote
75%
Hillingdon
75%
Ickenham
75%
Rayners Lane
75%
Ruislip
75%
Ruislip Manor
75%
Alperton
63%
South Harrow
63%
Sudbury Hill
63%
Sudbury Town
63%
all branches Acton Town
50%
Ealing Common
50%
Hatton Cross
50%
Heathrow T4
50%
LHR branch Heathrow T5
50%
North Ealing
50%
Park Royal
50%
Arnos Grove
38%
Arsenal
38%
Barons Court
38%
Boston Manor
38%
Bounds Green
38%
Caledonian Road
38%
Cockfosters
38%
Covent Garden
38%
Earl's Court
38%
Finsbury Park
38%
Gloucester Road
38%
Green Park
38%
Hammersmith
38%
Holborn
38%
Holloway Road
38%
Hounslow Central
38%
Hounslow East
38%
Hounslow West
38%
Hyde Park Corner
38%
King's Cross St Pancras
38%
Knightsbridge
38%
Leicester Square
38%
Manor House
38%
Northfields
38%
Oakwood
38%
Osterley
38%
Piccadilly Circus
38%
Russell Square
38%
South Ealing
38%
Southgate
38%
South Kensington
38%
Turnham Green
38%
Turnpike Lane
38%
Wood Green
38%
Heathrow T123
25%
No matching quizzes found
Score Distribution
Percent of People with Each Score
Percentile by Number Answered
Your Score History
You have not taken this quiz